Abuelidad: más alla de la paternidad
Enregistré dans:
| Auteur principal: | |
|---|---|
| Format: | Livre |
| Langue: | espagnol |
| Publié: |
Buenos Aires
Legasa
1986
|
| Collection: | Colección Omnibus
|
| Sujets: | |
| Tags: |
Ajouter un tag
Pas de tags, Soyez le premier à ajouter un tag!
|
MARC
| LEADER | 00000nam a2200000 a 4500 | ||
|---|---|---|---|
| 001 | UCW4994 | ||
| 003 | CL-VaPUC | ||
| 008 | 901105e19860000AG |||||||||||||||||spa|d | ||
| 082 | 0 | 4 | |a 150.195 |b RED |2 21 |
| 100 | 0 | |a Redler, Paulina |e author |9 309791 | |
| 245 | 1 | 0 | |a Abuelidad: más alla de la paternidad |
| 300 | |a 156 p | ||
| 942 | |c BK | ||
| 945 | |d 19901105 00:00:00 | ||
| 260 | |a Buenos Aires |b Legasa |c 1986 | ||
| 650 | 0 | |a Psicoanálisis |9 265702 | |
| 650 | 7 | |a PSICOTERAPIA |2 CL-VaPUC |9 309792 | |
| 650 | 0 | |a Ancianos |9 307293 | |
| 650 | 0 | |a Aspectos psicológicos |9 258128 | |
| 583 | |a last modification |c 20150309 01:43:18 |k Rodrigo Vera | ||
| 490 | 0 | |a Colección Omnibus | |
| 999 | |c 218523 |d 218521 | ||
| 952 | |0 0 |1 0 |4 0 |6 150_195000000000000_RED_1986 |7 0 |8 A |9 208230 |a BIBEDU |b BIBEDU |d 2019-11-15 |i 2761653 |l 1 |o 150.195 RED 1986 |p 2761653 |r 2024-07-08 |s 2024-07-05 |w 2019-11-15 |y BK |k EDU | ||